Statistics for International Rugby - Most tests without a try

Click here to take the quiz!

General Stats

  • This quiz has been taken 33 times
    (8 since last reset)
  • The average score is 1 of 11

Answer Stats

GamesCountryPositionPlayer% Correct
108New ZealandPropOwen Franks
100%
68EnglandPropJoe Marler
17%
74WalesLockLuke Charteris
17%
65ScotlandPropAllen Jacobsen
0%
66WalesLockBradley Davies
0%
63AustraliaLockDaniel Vickerman
0%
60FranceLockJean Condom
0%
61IrelandPropMike Ross
0%
66WalesPropPaul James
0%
67ItalyLockQuentin Geldenhuys
0%
83ItalyPropSalvatore Perugini
0%

Score Distribution

Percentile by Number Answered

Percent of People with Each Score

Your Score History

You have not taken this quiz since the last reset